000 00558nam a2200193Ia 4500
005 20250508151009.0
008 008 250505s9999 xx 000 0 eng d
037 _aTextual
040 _aFEDL
_beng
_cFEDL
041 _aeng
_2eng
084 _a370, HOL
_qFEDL
100 _aHolmes Gerard
_9758150
245 0 _aIdiot teacher: A book about Prestolee school and its headmaster E. F. O' Neill
260 _aLondon, UK
_bFaber and Faber Ltd
300 _a200p.
365 _aINR
_b9.5
942 _cTEXL
_h370, HOL
999 _c1326939
_d1326939